[Event "Benidorm Bali op-A"]
[Site "Benidorm"]
[Date "2023.12.02"]
[Round "2"]
[White "Moskalenko, Viktor"]
[Black "Motos Abellan, Daniel"]
[Result "1-0"]
[WhiteElo "2427"]
[BlackElo "2160"]
[PlyCount "69"]
[EventDate "2023.12.01"]
[EventType "swiss"]
[EventRounds "9"]
[EventCountry "ESP"]
[SourceTitle "CB50_2023"]
[SourceDate "2023.12.13"]
[SourceVersion "1"]
[SourceVersionDate "2023.12.13"]
[SourceQuality "1"]

1. d4 Nf6 2. Nf3 b6 3. Bg5 e6 4. Nbd2 Bb7 5. e3 Be7 6. Bd3 c5 7. c3 h6 8. Bxf6 Bxf6 9. Qe2 Nc6 10. 0-0-0 d5 11. h4 c4 12. Bc2 b5 13. e4 Be7 14. exd5 exd5 15. Ne5 Nxe5 16. Qxe5 Kf8 17. Nf3 b4 18. Qe3 bxc3 19. bxc3 Bc8 20. Rde1 h5 21. Ng5 Qd6 22. Kd2 g6 23. Nf3 Bf6 24. Ne5 Kg7 25. Qg3 Rb8 26. Rb1 Rb6 27. f4 Bxe5 28. fxe5 Qa3 29. Qg5 Be6 30. Qf6+ Kh7 31. g4 Rb2 32. Rxb2 Qxb2 33. Rb1 Qxa2 34. Rb7 Rg8 35. Qxe6 1-0

[Event "Lorca Christmas op"]
[Site "Lorca"]
[Date "2022.12.28"]
[Round "4"]
[White "Martinez Ramirez, Lennis"]
[Black "Motos Abellan, Daniel"]
[Result "1-0"]
[WhiteElo "2419"]
[BlackElo "2158"]
[PlyCount "93"]
[EventDate "2022.12.26"]
[EventType "swiss"]
[EventRounds "9"]
[EventCountry "ESP"]
[SourceTitle "CBM 211 Extra"]
[Source "ChessBase"]
[SourceDate "2023.01.31"]
[SourceVersion "1"]
[SourceVersionDate "2023.01.31"]
[SourceQuality "1"]

1. d4 Nf6 2. Nf3 e6 3. g3 b6 4. Bg2 Bb7 5. 0-0 c5 6. c4 cxd4 7. Qxd4 Bc5 8. Qd3 0-0 9. Nc3 Nc6 10. a3 Rc8 11. b4 Bxb4 12. axb4 Nxb4 13. Qd6 a5 14. Ne5 Bxg2 15. Kxg2 Rc5 16. f4 Qa8+ 17. Kg1 Qb8 18. Rd1 Rfc8 19. Be3 Qxd6 20. Rxd6 Nc2 21. Bxc5 Nxa1 22. Bxb6 Nb3 23. Nxd7 Rxc4 24. Nc5 h6 25. Rd8+ Kh7 26. Nxb3 Rxc3 27. Nxa5 Rc2 28. Bd4 Ne4 29. Kf1 g5 30. g4 f6 31. Be3 f5 32. gxf5 exf5 33. Nb3 Kg6 34. Nd2 Nc3 35. fxg5 Rc1+ 36. Kg2 Nxe2 37. Rd6+ Kf7 38. Rxh6 f4 39. Rf6+ Kg7 40. Bxf4 Rc2 41. Be3 Rc3 42. Kf2 Nc1 43. Rd6 Kg8 44. g6 Rd3 45. Rc6 Na2 46. Bh6 Rd8 47. Ne4 1-0

[Event "Lorca Christmas op"]
[Site "Lorca"]
[Date "2022.12.27"]
[Round "2"]
[White "Makkar, Rajat"]
[Black "Motos Abellan, Daniel"]
[Result "1-0"]
[WhiteElo "2430"]
[BlackElo "2158"]
[PlyCount "53"]
[EventDate "2022.12.26"]
[EventType "swiss"]
[EventRounds "9"]
[EventCountry "ESP"]
[SourceTitle "CBM 211 Extra"]
[Source "ChessBase"]
[SourceDate "2023.01.31"]
[SourceVersion "1"]
[SourceVersionDate "2023.01.31"]
[SourceQuality "1"]

1. d4 b6 2. e4 Bb7 3. Bd3 e6 4. Nf3 c5 5. c3 Nf6 6. Qe2 d5 7. e5 Nfd7 8. h4 h6 9. a3 Qc7 10. 0-0 a5 11. a4 Ba6 12. Bb5 Be7 13. Na3 c4 14. Nd2 Bxa3 15. Rxa3 Nc6 16. b3 Bxb5 17. axb5 Na7 18. bxc4 dxc4 19. Nxc4 Nxb5 20. Rb3 Rc8 21. Nxb6 Nxc3 22. Rxc3 Qxc3 23. Nxc8 Qxc8 24. Ba3 Qc3 25. Bd6 Rg8 26. d5 a4 27. Qa6 1-0

[Event "ESP-ch 86th"]
[Site "Linares"]
[Date "2021.08.24"]
[Round "9"]
[White "Ortega Ruiz, Jose Miguel"]
[Black "Motos Abellan, Daniel"]
[Result "1-0"]
[WhiteElo "2322"]
[BlackElo "2186"]
[PlyCount "131"]
[EventDate "2021.08.16"]
[EventType "swiss"]
[EventRounds "9"]
[EventCountry "ESP"]
[SourceTitle "CBM 204 Extra"]
[Source "ChessBase"]
[SourceDate "2021.11.30"]
[SourceVersion "1"]
[SourceVersionDate "2021.11.30"]
[SourceQuality "1"]

1. d4 b6 2. e4 e6 3. Bd3 Bb7 4. Nf3 c5 5. c3 Nf6 6. Qe2 Be7 7. e5 Ng8 8. 0-0 Nc6 9. Rd1 Qc7 10. Na3 a6 11. dxc5 bxc5 12. Nc4 Na5 13. Nxa5 Qxa5 14. Be4 Qc7 15. Bf4 Bxe4 16. Qxe4 Rb8 17. Rd2 Qb7 18. Qe3 Rd8 19. Rad1 f6 20. h4 fxe5 21. Bxe5 Nf6 22. Bxf6 gxf6 23. Qh6 Kf7 24. Rd3 d6 25. Qh5+ Kg7 26. Qg4+ Kf7 27. Re1 e5 28. Qh5+ Ke6 29. Qg4+ Kf7 30. Qf5 Ke8 31. Nd2 d5 32. c4 d4 33. Rg3 Qxb2 34. Ne4 Rf8 35. Rg7 Qb6 36. Kh2 Rf7 37. Rg8+ Rf8 38. Rg3 Qb4 39. Qe6 Rd7 40. Rg7 Kd8 41. Rd1 f5 42. Ng5 Rf6 43. Qg8+ Kc7 44. Qxh7 Kd6 45. Nf7+ Ke6 46. Ng5+ Kd6 47. Qg8 e4 48. Qd5+ Kc7 49. Qg8 Rh6 50. Kg1 d3 51. Ne6+ Kd6 52. Nf4 Qa4 53. Qb8+ Rc7 54. Rb1 d2 55. Rb6+ Ke5 56. Rxe7+ Kd4 57. Qd8+ Kc3 58. Nd5+ Kc2 59. Ne3+ Kc1 60. Rxh6 Rxe7 61. Qxe7 f4 62. Qxe4 fxe3 63. Qxe3 Qxa2 64. Rd6 a5 65. h5 Qc2 66. Qxd2+ 1-0

[Event "ESP-ch 86th"]
[Site "Linares"]
[Date "2021.08.19"]
[Round "4"]
[White "Motos Abellan, Daniel"]
[Black "Remolar Gallen, Jose"]
[Result "1-0"]
[WhiteElo "2186"]
[BlackElo "2335"]
[PlyCount "77"]
[EventDate "2021.08.16"]
[EventType "swiss"]
[EventRounds "9"]
[EventCountry "ESP"]
[SourceTitle "CBM 204 Extra"]
[Source "ChessBase"]
[SourceDate "2021.11.30"]
[SourceVersion "1"]
[SourceVersionDate "2021.11.30"]
[SourceQuality "1"]

1. e4 c5 2. c4 Nc6 3. Nc3 g6 4. g3 Bg7 5. Bg2 e6 6. Nge2 Nge7 7. 0-0 0-0 8. Rb1 d6 9. a3 b6 10. b4 Bb7 11. d3 Qd7 12. Be3 Nd4 13. Qd2 f5 14. Bh6 fxe4 15. Bxg7 Nf3+ 16. Bxf3 exf3 17. Bxf8 e5 18. Qh6 Nf5 19. Qh3 fxe2 20. Rfe1 Rxf8 21. Ne4 d5 22. cxd5 Qxd5 23. Rxe2 Qxd3 24. Rbe1 c4 25. Rd2 Bxe4 26. Rxd3 Bxd3 27. Rxe5 Rf7 28. g4 Nd4 29. Re8+ Kg7 30. Qe3 Nf3+ 31. Kg2 Nh4+ 32. Kg3 Rf3+ 33. Qxf3 Nxf3 34. Kxf3 Kf6 35. h4 h6 36. Ke3 g5 37. hxg5+ Kxg5 38. Rg8+ Kh4 39. f4 1-0

[Event "Madrid Chamartin op 8th"]
[Site "Madrid"]
[Date "2019.09.12"]
[Round "6"]
[White "Fernandez Lledo, Javier"]
[Black "Motos Abellan, Daniel"]
[Result "1-0"]
[WhiteElo "2234"]
[BlackElo "2070"]
[PlyCount "103"]
[EventDate "2019.09.09"]
[EventType "swiss"]
[EventRounds "9"]
[EventCountry "ESP"]
[SourceTitle "CBM 192 Extra"]
[Source "Chessbase"]
[SourceDate "2019.11.06"]
[SourceVersion "1"]
[SourceVersionDate "2019.11.06"]
[SourceQuality "1"]

1. e4 e6 2. d4 d5 3. Nc3 Nc6 4. e5 f6 5. f4 fxe5 6. dxe5 Nge7 7. Nf3 Nf5 8. Bd3 Bb4 9. a3 Bxc3+ 10. bxc3 Na5 11. g4 Nh4 12. 0-0 c5 13. Ng5 h6 14. Bb5+ Nc6 15. Nf3 Bd7 16. Bd3 c4 17. Nxh4 Qxh4 18. Bg6+ Kd8 19. Be3 b6 20. Kg2 Kc7 21. Bf2 Qe7 22. f5 Kb7 23. Bg3 Rhf8 24. Qe1 Be8 25. Bxe8 Raxe8 26. Qd2 Qg5 27. Qxg5 hxg5 28. f6 gxf6 29. exf6 Rf7 30. Rae1 Kc8 31. h4 gxh4 32. Bxh4 Kd7 33. g5 Rg8 34. Kh3 e5 35. Kg4 Ke6 36. Bg3 e4 37. Rf5 Rd7 38. Rh1 Rf7 39. Rh6 b5 40. Kf4 e3 41. Bh4 e2 42. g6 Rff8 43. g7 Rf7 44. Rh8 Rgxg7 45. Re8+ Ne7 46. Rxe7+ Rxe7 47. Re5+ Kd7 48. Rxe7+ Rxe7 49. fxe7 d4 50. cxd4 a5 51. Ke3 b4 52. axb4 1-0

[Event "Madrid Chamartin op 8th"]
[Site "Madrid"]
[Date "2019.09.11"]
[Round "4"]
[White "Camarero Izquierdo, Juan Carlos"]
[Black "Motos Abellan, Daniel"]
[Result "0-1"]
[WhiteElo "1840"]
[BlackElo "2070"]
[PlyCount "84"]
[EventDate "2019.09.09"]
[EventType "swiss"]
[EventRounds "9"]
[EventCountry "ESP"]
[SourceTitle "CBM 192 Extra"]
[Source "Chessbase"]
[SourceDate "2019.11.06"]
[SourceVersion "1"]
[SourceVersionDate "2019.11.06"]
[SourceQuality "1"]

1. e4 e6 2. d4 b6 3. Nc3 Bb7 4. Be3 Bb4 5. Qg4 Nf6 6. Qxg7 Rg8 7. Qh6 Rg6 8. Qh3 Bxe4 9. Nf3 Bf5 10. Qh4 Rg4 11. Qh3 Re4 12. Qg3 Rg4 13. Qe5 d5 14. Bd2 Bxc3 15. 0-0-0 Nbd7 16. Bb5 Bxd2+ 17. Rxd2 Kf8 18. Qe3 Ne4 19. Re2 Rg7 20. Qh6 c5 21. Nh4 Nd6 22. Bxd7 Qxd7 23. g4 Bg6 24. f4 f5 25. gxf5 Nxf5 26. Nxf5 Bxf5 27. dxc5 bxc5 28. Rhe1 Kg8 29. Qf6 Rf8 30. Qe5 Qc7 31. Qe3 d4 32. Qf2 Qa5 33. a3 Qb6 34. h4 c4 35. Rg1 Rb8 36. b3 cxb3 37. cxb3 Qc5+ 38. Kd1 Rxb3 39. Rxg7+ Kxg7 40. Qg2+ Kf7 41. Rb2 Bg4+ 42. Ke1 Qc1+ 0-1

[Event "ESP-ch U16"]
[Site "Salobrena"]
[Date "2015.07.24"]
[Round "8"]
[White "Motos Abellan, Daniel"]
[Black "Serrano Leiva, Ana"]
[Result "1/2-1/2"]
[WhiteElo "1994"]
[BlackElo "1889"]
[PlyCount "84"]
[EventDate "2015.07.20"]
[EventType "swiss"]
[EventRounds "9"]
[EventCountry "ESP"]
[SourceTitle "EXT 2016"]
[Source "ChessBase"]
[SourceDate "2015.10.08"]
[SourceVersion "1"]
[SourceVersionDate "2015.10.08"]
[SourceQuality "1"]

1. d4 Nf6 2. c4 e6 3. Nc3 c5 4. d5 exd5 5. cxd5 Bd6 6. e4 0-0 7. Bd3 Re8 8. Nge2 Bf8 9. 0-0 d6 10. b3 a6 11. a4 Nbd7 12. Bb2 Rb8 13. f3 Ne5 14. f4 Ng6 15. Qc2 Ng4 16. Qd2 Bd7 17. h3 Nf6 18. a5 b5 19. axb6 Rxb6 20. Bc2 Bb5 21. Na4 Rb8 22. Bxf6 Qxf6 23. Bd3 Qe7 24. Nac3 Qd7 25. Rfe1 Be7 26. Nxb5 axb5 27. e5 Bh4 28. g3 Qxh3 29. Bxg6 Bxg3 30. Bxh7+ Kh8 31. Nxg3 Qxg3+ 32. Qg2 Qxg2+ 33. Kxg2 Kxh7 34. exd6 Red8 35. Ra6 c4 36. bxc4 bxc4 37. Rc6 Rb5 38. Rd1 c3 39. d7 g6 40. Rxc3 Rxd7 41. Rcd3 Kg7 42. Kf3 f5 1/2-1/2

[Event "ESP-ch U12"]
[Site "Salobrena"]
[Date "2012.07.04"]
[Round "5.21"]
[White "Galiana Fernandez, Adrian"]
[Black "Motos Abellan, Daniel"]
[Result "1-0"]
[WhiteElo "1470"]
[BlackElo "1620"]
[PlyCount "79"]
[EventDate "2012.07.02"]
[EventType "swiss"]
[EventRounds "9"]
[EventCountry "ESP"]
[SourceTitle "EXT 2024"]
[Source "ChessBase"]
[SourceDate "2023.10.10"]
[SourceVersion "1"]
[SourceVersionDate "2023.10.10"]
[SourceQuality "1"]

1. e4 e6 2. d4 d5 3. e5 c5 4. c3 Nc6 5. Nf3 Qb6 6. a3 cxd4 7. cxd4 Nge7 8. b4 Ng6 9. Bb2 Be7 10. Nbd2 0-0 11. Nb3 a6 12. Bd3 Nf4 13. Bf1 Bd7 14. Qd2 Ng6 15. Bd3 Rac8 16. 0-0 Rc7 17. Rfe1 Rfc8 18. Bxg6 hxg6 19. Qf4 Na7 20. Nc5 Bb5 21. Ng5 Bxg5 22. Qxg5 Qc6 23. h4 Qe8 24. h5 b6 25. Nb3 Rc2 26. Rab1 Ba4 27. Nc1 gxh5 28. Re3 Qf8 29. Qxh5 g6 30. Rg3 Rxb2 31. Rxb2 Rxc1+ 32. Kh2 Qg7 33. Qg5 Rc8 34. Rh3 Nb5 35. Rd2 Nc3 36. f3 b5 37. Rd3 Bc2 38. Rxc3 Rxc3 39. Qd8+ Qf8 40. Rh8+ 1-0

[Event "Benidorm New Generation U12 07th"]
[Site "Benidorm"]
[Date "2011.12.09"]
[Round "5.3"]
[White "Motos Abellan, Daniel"]
[Black "Cortes Cabeza, Cameron"]
[Result "0-1"]
[WhiteElo "1602"]
[BlackElo "1610"]
[PlyCount "44"]
[EventDate "2011.12.07"]
[EventType "swiss"]
[EventRounds "7"]
[EventCountry "ESP"]
[SourceTitle "EXT 2024"]
[Source "ChessBase"]
[SourceDate "2023.10.10"]
[SourceVersion "1"]
[SourceVersionDate "2023.10.10"]
[SourceQuality "1"]

1. d4 Nf6 2. c4 c5 3. e3 cxd4 4. exd4 d5 5. Nc3 e6 6. Nf3 Nc6 7. cxd5 exd5 8. Bd3 Bg4 9. Bg5 Be7 10. Qb3 Bxf3 11. gxf3 Nxd4 12. Qa4+ Nc6 13. Qb5 Qd7 14. Bxf6 Bxf6 15. Qxd5 Bxc3+ 16. bxc3 Qxd5 17. Be4 Qe5 18. 0-0 0-0 19. Kh1 f5 20. Bc2 Qxc3 21. Bb3+ Kh8 22. Bd5 Rad8 0-1